[Event "78. Camp. Interprovinciale PD e Rov"]
[Site "Monselice ITA"]
[Date "2018.01.20"]
[Round "2.3"]
[White "Simonetto, Andrea"]
[Black "Balestra, Stefano"]
[Result "1-0"]
[WhiteElo "2055"]
[BlackElo "1734"]
[Annotator "Ballarin,Gabriele"]
[PlyCount "55"]
[EventDate "2018.01.19"]
[EventType "swiss"]
[EventRounds "5"]
[EventCountry "ITA"]

1. d4 Nf6 2. c4 g6 3. Nc3 Bg7 4. e4 d6 5. Nge2 Nbd7 6. Ng3 e5 7. d5 a5 8. Be2 O-O 9. h4 h5 10. Bg5 Nc5 11. Bxh5 gxh5 12. Nxh5 Bg4 13. Nxf6+ Bxf6 14. Qxg4 Bxg5 15. hxg5 Kg7 16. O-O-O Rh8 17. Rh6 Qe7 18. Rdh1 b6 19. f3 Na6 20. Kd2 Nb4 21. a3 Na6 22. Ne2 Nc5 23. Ng3 Nb3+ 24. Kc3 Nd4 25. Nf5+ Nxf5 26. exf5 e4 27. Rxh8 Qe5+ 28. Kc2 1-0

[Event "78. Camp. Interprovinciale PD e Rov"]
[Site "Monselice ITA"]
[Date "2018.01.20"]
[Round "2.4"]
[White "Sinato, Fabrizio"]
[Black "Privitera, Franco"]
[Result "1/2-1/2"]
[WhiteElo "1856"]
[BlackElo "2006"]
[Annotator "Ballarin,Gabriele"]
[PlyCount "49"]
[EventDate "2018.01.19"]
[EventType "swiss"]
[EventRounds "5"]
[EventCountry "ITA"]

1. e4 g6 2. d4 c6 3. Nf3 d5 4. e5 Bg4 5. Be2 e6 6. Nbd2 Nd7 7. O-O Ne7 8. c3 Nf5 9. h3 h5 10. Re1 Bxf3 11. Nxf3 c5 12. Bb5 a6 13. Bg5 Be7 14. Bxe7 Qxe7 15. Bxd7+ Kxd7 16. c4 dxc4 17. dxc5+ Kc7 18. b4 Rad8 19. Qe2 a5 20. Qxc4 a4 21. g4 hxg4 22. Qxg4 Nh4 23. Nxh4 Rxh4 24. Qf3 Rdh8 25. a3 {Nur} 1/2-1/2

[Event "78. Camp. Interprovinciale PD e Rov"]
[Site "Monselice ITA"]
[Date "2018.01.20"]
[Round "2.5"]
[White "De Napoli, Giuseppe"]
[Black "Pomaro, Stefano"]
[Result "1-0"]
[WhiteElo "1955"]
[BlackElo "1713"]
[Annotator "Ballarin,Gabriele"]
[PlyCount "27"]
[EventDate "2018.01.19"]
[EventType "swiss"]
[EventRounds "5"]
[EventCountry "ITA"]

1. d4 Nc6 2. Nf3 d6 3. Bf4 Nf6 4. e3 Bg4 5. h3 Bh5 6. Be2 e6 7. O-O Be7 8. c4 O-O 9. Nc3 Bg6 10. d5 e5 11. Bh2 Nb8 12. b4 a5 13. a3 Na6 14. Qb3 {Telefono} 1-0

[Event "78. Camp. Interprovinciale PD e Rov"]
[Site "Monselice ITA"]
[Date "2018.01.20"]
[Round "2.6"]
[White "Cervatti, Michele"]
[Black "Giuriato, Sergio"]
[Result "0-1"]
[WhiteElo "1504"]
[BlackElo "1940"]
[Annotator "Ballarin,Gabriele"]
[PlyCount "86"]
[EventDate "2018.01.19"]
[EventType "swiss"]
[EventRounds "5"]
[EventCountry "ITA"]

1. e4 Nc6 2. Nf3 e5 3. Bb5 a6 4. Bxc6 dxc6 5. O-O f6 6. Nc3 Ne7 7. d4 exd4 8. Qxd4 Qxd4 9. Nxd4 c5 10. Nf3 Ng6 11. Be3 Bd7 12. Rad1 O-O-O 13. Rd2 Be6 14. Rxd8+ Kxd8 15. Rd1+ Kc8 16. a3 b5 17. Nd5 Bd6 18. g3 Bg4 19. Kg2 Ne5 20. Rc1 Bxf3+ 21. Kg1 Bxe4 22. Nc3 Bb7 23. Rd1 Nf3+ 24. Kf1 Nxh2+ 25. Ke1 h5 26. Nd5 Nf3+ 27. Kf1 Bxd5 28. Rxd5 h4 29. gxh4 Rxh4 30. Rf5 Nd4 31. Bxd4 cxd4 32. Rd5 Kd7 33. Rf5 Ke6 34. Rf3 c5 35. Ke2 g5 36. c3 Be5 37. Rd3 c4 38. Rd1 d3+ 39. Kf3 f5 40. Kg2 Re4 41. b3 Bxc3 42. bxc4 bxc4 43. a4 d2 0-1

[Event "78. Camp. Interprovinciale PD e Rov"]
[Site "Monselice ITA"]
[Date "2018.01.20"]
[Round "2.7"]
[White "Aliberti, Nicola"]
[Black "Gregori, Giacomo"]
[Result "0-1"]
[WhiteElo "1679"]
[BlackElo "2273"]
[Annotator "Ballarin,Gabriele"]
[PlyCount "72"]
[EventDate "2018.01.19"]
[EventType "swiss"]
[EventRounds "5"]
[EventCountry "ITA"]

1. d4 d6 2. Nf3 Nf6 3. c4 g6 4. Nc3 Bg7 5. e4 O-O 6. Be2 Bg4 7. h3 Bxf3 8. Bxf3 Nfd7 9. Be3 e5 10. d5 f5 11. exf5 gxf5 12. Qc2 Na6 13. a3 e4 14. Be2 Ne5 15. O-O-O Nc5 16. Bxc5 dxc5 17. Kb1 Qe7 18. f4 Nf7 19. g4 Nd6 20. g5 a6 21. h4 Rfb8 22. a4 b5 23. axb5 axb5 24. Nxb5 Ra5 25. Rh3 Nxb5 26. cxb5 Rba8 27. Kc1 Qd6 28. Qd2 Bxb2+ 29. Qxb2 Ra1+ 30. Kc2 R1a2 31. Bc4 Rxb2+ 32. Kxb2 Ra4 33. Kb3 Rb4+ 34. Kc3 Kf8 35. Rf1 Qe7 36. Re3 Qg7+ 0-1

[Event "78. Camp. Interprovinciale PD e Rov"]
[Site "Monselice ITA"]
[Date "2018.01.20"]
[Round "2.8"]
[White "Minei, Giovanni"]
[Black "Zanirato, Stefano"]
[Result "0-1"]
[WhiteElo "1613"]
[BlackElo "1884"]
[Annotator "Ballarin,Gabriele"]
[PlyCount "56"]
[EventDate "2018.01.19"]
[EventType "swiss"]
[EventRounds "5"]
[EventCountry "ITA"]

1. Nf3 Nc6 2. d4 d5 3. Bg5 h6 4. Bh4 Bf5 5. e3 a6 6. a3 g5 7. Bg3 Bg7 8. c4 e6 9. Nc3 Nge7 10. Qb3 Rb8 11. Be2 Qd7 12. Ne5 Nxe5 13. Bxe5 Bxe5 14. dxe5 c6 15. cxd5 exd5 16. a4 Be6 17. Qc2 Qc7 18. f4 Qb6 19. Qd2 gxf4 20. exf4 Nf5 21. g4 Nd4 22. a5 Qc5 23. Ra3 Nxe2 24. Qxe2 d4 25. Qf2 Bxg4 26. Ne2 Bxe2 27. Kxe2 Rg8 28. Rd3 Qc2+ 0-1

[Event "78. Camp. Interprovinciale PD e Rov"]
[Site "Monselice ITA"]
[Date "2018.01.20"]
[Round "2.9"]
[White "Rosina, Graziano"]
[Black "Di Buono, Giovanni"]
[Result "1/2-1/2"]
[WhiteElo "1789"]
[BlackElo "1457"]
[Annotator "Ballarin,Gabriele"]
[PlyCount "58"]
[EventDate "2018.01.19"]
[EventType "swiss"]
[EventRounds "5"]
[EventCountry "ITA"]

1. Nf3 f5 2. g3 Nf6 3. Bg2 d5 4. d4 e6 5. Bf4 Bd6 6. e3 O-O 7. O-O Bd7 8. Nbd2 Be8 9. c3 Bh5 10. Qb3 b6 11. Ne5 h6 12. Nef3 g5 13. Bxd6 Qxd6 14. Ne5 Nbd7 15. Nxd7 Nxd7 16. f3 Bg6 17. e4 f4 18. e5 Qe7 19. g4 c5 20. Qa3 Kf7 21. Rac1 c4 22. Qxe7+ Kxe7 23. Kf2 h5 24. gxh5 Bxh5 25. Rh1 Rg8 26. h4 Raf8 27. hxg5 Rxg5 28. Rcg1 Rfg8 29. Bf1 Rxg1 1/2-1/2

[Event "78. Camp. Interprovinciale PD e Rov"]
[Site "Monselice ITA"]
[Date "2018.01.20"]
[Round "2.10"]
[White "Belloni, Umberto"]
[Black "Giannati, Manuel"]
[Result "1-0"]
[WhiteElo "1715"]
[BlackElo "1476"]
[Annotator "Ballarin,Gabriele"]
[PlyCount "59"]
[EventDate "2018.01.19"]
[EventType "swiss"]
[EventRounds "5"]
[EventCountry "ITA"]

1. d4 Nf6 2. Bg5 e6 3. e3 h6 4. Bh4 d5 5. Bd3 Be7 6. f4 Nbd7 7. Nd2 c5 8. c3 c4 9. Bc2 b5 10. a3 Bb7 11. Bf2 a5 12. Ngf3 b4 13. axb4 axb4 14. O-O b3 15. Rxa8 Qxa8 16. Bb1 O-O 17. Ne5 Nb6 18. Bh4 Kh8 19. Bxf6 Bxf6 20. Ng4 Qd8 21. Nxf6 Qxf6 22. Nf3 Ra8 23. Ne5 Nc8 24. Qh5 Nd6 25. Ng4 Qd8 26. Nxh6 gxh6 27. Qxh6+ Kg8 28. Rf3 f5 29. Rg3+ Kf7 30. Rg7+ 1-0

[Event "78. Camp. Interprovinciale PD e Rov"]
[Site "Monselice ITA"]
[Date "2018.01.20"]
[Round "2.11"]
[White "Stanila, Serban"]
[Black "Zangheratti, Daniele"]
[Result "0-1"]
[WhiteElo "1522"]
[BlackElo "1874"]
[Annotator "Ballarin,Gabriele"]
[PlyCount "89"]
[EventDate "2018.01.19"]
[EventType "swiss"]
[EventRounds "5"]
[EventCountry "ITA"]

1. e4 c5 2. Nc3 Nc6 3. f4 g6 4. Nf3 Bg7 5. Bb5 a6 6. Bxc6 bxc6 7. d3 Nf6 8. O-O O-O 9. Qe1 d5 10. e5 Ng4 11. h3 Nh6 12. Ng5 Nf5 13. e6 f6 14. Nxh7 Kxh7 15. g4 Nd4 16. Qh4+ Kg8 17. f5 g5 18. Qf2 Qd6 19. Be3 Bxe6 20. fxe6 Nxe6 21. Ne2 Rab8 22. Rab1 d4 23. Bd2 Nc7 24. Ng3 e6 25. b3 Nd5 26. Ne4 Qe7 27. Ng3 Rf7 28. Rbe1 Qd7 29. Qe2 Re7 30. Nh5 Rf8 31. Nxg7 Kxg7 32. Qf2 Ref7 33. Qe2 e5 34. Qe4 Nf4 35. Rf3 Rh8 36. Kh2 Kf8 37. Rh1 Qd5 38. Qxd5 cxd5 39. Bxf4 gxf4 40. Re1 Rg7 41. Kg2 Kf7 42. Kh2 Rxg4 43. Re2 Rg6 44. Rff2 Rg3 45. Rg2 0-1

[Event "78. Camp. Interprovinciale PD e Rov"]
[Site "Monselice ITA"]
[Date "2018.01.20"]
[Round "2.12"]
[White "Taddia, Davide"]
[Black "Alfier, Cecilia"]
[Result "1/2-1/2"]
[WhiteElo "1482"]
[BlackElo "1641"]
[Annotator "Ballarin,Gabriele"]
[PlyCount "63"]
[EventDate "2018.01.19"]
[EventType "swiss"]
[EventRounds "5"]
[EventCountry "ITA"]

1. d4 Nf6 2. Nc3 d5 3. Bg5 e6 4. Nf3 Be7 5. Qd3 Nbd7 6. h4 c5 7. e4 cxd4 8. Qxd4 dxe4 9. Nxe4 h6 10. Bxf6 Nxf6 11. Qxd8+ Bxd8 12. Nd6+ Ke7 13. Rd1 a6 14. Ne5 Rf8 15. Rh3 Bc7 16. Rhd3 b5 17. Nxc8+ Raxc8 18. Nc6+ Ke8 19. c3 Nd5 20. Nb4 Nxb4 21. cxb4 Rd8 22. Rxd8+ Bxd8 23. a4 bxa4 24. Bxa6 Bxh4 25. Bb5+ Ke7 26. g3 Rb8 27. Rd7+ Kf8 28. Bxa4 Bf6 29. b3 Rxb4 30. Ke2 Rd4 31. Ke3 Rxd7 32. Bxd7 1/2-1/2

[Event "78. Camp. Interprovinciale PD e Rov"]
[Site "Monselice ITA"]
[Date "2018.01.20"]
[Round "2.13"]
[White "Martinello, Edoardo"]
[Black "Martarello, Andrea"]
[Result "1-0"]
[WhiteElo "1610"]
[BlackElo "1540"]
[Annotator "Ballarin,Gabriele"]
[PlyCount "89"]
[EventDate "2018.01.19"]
[EventType "swiss"]
[EventRounds "5"]
[EventCountry "ITA"]

1. d4 e6 2. Nf3 Nf6 3. Bg5 h6 4. Bh4 g5 5. Bg3 c5 6. e3 Nc6 7. c3 Ne4 8. Bd3 Nxg3 9. hxg3 d6 10. Nbd2 Bg7 11. dxc5 d5 12. Nd4 O-O 13. Nxc6 bxc6 14. Qa4 Bd7 15. f4 f5 16. Nf3 Qe7 17. Qa3 Kf7 18. Ne5+ Bxe5 19. fxe5 Rh8 20. O-O-O Bc8 21. Rdf1 a5 22. g4 Kg6 23. Rf2 Rf8 24. Rh3 Qg7 25. Qa4 Bd7 26. Qd4 Rf7 27. Rhf3 Raf8 28. gxf5+ exf5 29. g4 Be6 30. Qa4 Qxe5 31. Qxc6 Kg7 32. gxf5 Bxf5 33. Bxf5 Rxf5 34. Qd7+ Kg6 35. Rxf5 Qxe3+ 36. Kc2 Qe4+ 37. Kd2 Rxf5 38. Rxf5 Qxf5 39. c6 Qf2+ 40. Kd3 Qc5 41. c7 Qc4+ 42. Kc2 Qe2+ 43. Kb3 Qc4+ 44. Ka3 Qc5+ 45. Ka4 1-0

[Event "78. Camp. Interprovinciale PD e Rov"]
[Site "Monselice ITA"]
[Date "2018.01.20"]
[Round "2.14"]
[White "Gialain, Mirco"]
[Black "Pilotto, Alessandro"]
[Result "0-1"]
[WhiteElo "1461"]
[BlackElo "1583"]
[Annotator "Ballarin,Gabriele"]
[PlyCount "120"]
[EventDate "2018.01.19"]
[EventType "swiss"]
[EventRounds "5"]
[EventCountry "ITA"]

1. e4 c5 2. Nf3 d6 3. d3 Nf6 4. Be2 g6 5. Nc3 Bg7 6. a3 a6 7. Bd2 Nbd7 8. Rb1 b5 9. Nd5 O-O 10. O-O Bb7 11. Nxf6+ Nxf6 12. Re1 e5 13. Qc1 Rc8 14. Bf1 Re8 15. b3 Qe7 16. Bg5 Qf8 17. c4 h6 18. Bd2 Bc6 19. h3 Bd7 20. Nh2 Nh7 21. b4 f5 22. exf5 Bxf5 23. bxc5 Rxc5 24. Bb4 Rcc8 25. Rb3 Be6 26. Rc3 bxc4 27. dxc4 Bf7 28. Rf3 Qe7 29. Ng4 Ng5 30. Rfe3 Qc7 31. Rc3 Kh7 32. Ne3 Ne4 33. Rc2 a5 34. Bd2 Qc5 35. Re2 Rb8 36. g3 Rb3 37. Ra2 Reb8 38. Be1 Ng5 39. Bg2 Be6 40. Ng4 Qd4 41. Rad2 Qc5 42. Ra2 Bf7 43. Reb2 Qd4 44. Rxb3 Rxb3 45. Rd2 Qc5 46. Ra2 Ne6 47. Bd5 Qc7 48. Rc2 Nd4 49. Ra2 a4 50. Bxf7 Qxf7 51. Qd1 Nf3+ 52. Kg2 Nh4+ 53. Kf1 Bf8 54. Kg1 Nf3+ 55. Kg2 Nd4 56. Bb4 Qf5 57. Rd2 Qe4+ 58. Kg1 Rb1 59. Qxb1 Qxb1+ 60. Kh2 Nf3+ 0-1

[Event "78. Camp. Interprovinciale PD e Rov"]
[Site "Monselice ITA"]
[Date "2018.01.20"]
[Round "2.15"]
[White "Lovisetto, Giampaolo"]
[Black "De Marzi, Davide"]
[Result "0-1"]
[WhiteElo "1556"]
[BlackElo "1521"]
[Annotator "Ballarin,Gabriele"]
[PlyCount "212"]
[EventDate "2018.01.19"]
[EventType "swiss"]
[EventRounds "5"]
[EventCountry "ITA"]

1. d4 e6 2. c4 d5 3. e3 Nf6 4. Nf3 b6 5. Be2 Bb7 6. O-O Be7 7. Nc3 O-O 8. a3 c5 9. dxc5 bxc5 10. cxd5 exd5 11. Qc2 Nbd7 12. Rd1 Qb6 13. Na4 Qc6 14. Nc3 a6 15. Bd2 Rfe8 16. Na2 Bd6 17. Rac1 Ne4 18. b4 c4 19. Nd4 Qb6 20. Nc3 Nxc3 21. Bxc3 Qc7 22. g3 Nf6 23. Nf5 Be5 24. Bd4 Ne4 25. Bf3 Rac8 26. Bxe5 Qxe5 27. Nd4 Qf6 28. Rb1 Ng5 29. Bg2 Ne6 30. b5 Nc5 31. bxa6 Qxa6 32. Nb5 Nb3 33. a4 Rc5 34. Nc3 Rd8 35. Ne4 Rcc8 36. Ng5 g6 37. Bf1 Qxa4 38. Bg2 Qc6 39. Nf3 Qf6 40. Nd4 Nxd4 41. Rxd4 Qe7 42. Rb5 Bc6 43. Rb1 Qa7 44. Rdd1 Ba4 45. Qa2 Rc5 46. Rd2 Ra5 47. Ra1 Qc5 48. Rd4 Rd7 49. Qd2 c3 50. Qc1 Bb3 51. Rxa5 Qxa5 52. Bh3 Rb7 53. Rd3 c2 54. Rxb3 Rxb3 55. Qxc2 Qa1+ 56. Kg2 Qc3 57. Qa2 Ra3 58. Qxd5 Qd3 59. Qc6 Kg7 60. Qc5 Qe4+ 61. Kg1 Ra1+ 62. Bf1 Qb1 63. Qc3+ Kh6 64. Qc4 g5 65. Qc6+ Kg7 66. Qc3+ Kg6 67. Qc6+ f6 68. Qc4 Qc1 69. Qd3+ Kh6 70. Kg2 Qc6+ 71. Kg1 Ra4 72. h4 gxh4 73. gxh4 Qf3 74. Be2 Ra1+ 75. Bf1 Qg4+ 76. Kh2 Qxh4+ 77. Kg2 Qg4+ 78. Kh2 Qh5+ 79. Kg2 Qg6+ 80. Kf3 Qxd3 81. Bxd3 Rh1 82. Kg4 Kg7 83. Be4 h5+ 84. Kg3 Ra1 85. f4 Ra3 86. Kf2 h4 87. Bf5 Kh6 88. Bg4 Kg6 89. Ke2 f5 90. Bh3 Ra2+ 91. Kf3 Ra5 92. Kg2 Kh5 93. Kf2 Ra2+ 94. Kg1 Re2 95. Bxf5 Rxe3 96. Kg2 Ra3 97. Bh3 Rg3+ 98. Kh2 Rc3 99. f5 Kg5 100. Kg2 Kf4 101. f6 Rc2+ 102. Kg1 Kg3 103. Bf1 h3 104. f7 h2+ 105. Kh1 Rf2 106. Bc4 Rg2 0-1

[Event "78. Camp. Interprovinciale PD e Rov"]
[Site "Monselice ITA"]
[Date "2018.01.20"]
[Round "3.1"]
[White "Giuriato, Sergio"]
[Black "Gallo, Enrico"]
[Result "1/2-1/2"]
[WhiteElo "1940"]
[BlackElo "2100"]
[Annotator "Ballarin,Gabriele"]
[PlyCount "35"]
[EventDate "2018.01.19"]
[EventType "swiss"]
[EventRounds "5"]
[EventCountry "ITA"]

1. d4 d5 2. c4 e6 3. Nf3 Nf6 4. g3 c6 5. Bg2 Nbd7 6. Qc2 Bd6 7. O-O O-O 8. Nbd2 e5 9. dxe5 Nxe5 10. Nxe5 Bxe5 11. Nf3 Bd6 12. Rd1 Qe7 13. Bg5 dxc4 14. Qxc4 Be6 15. Qc2 Rad8 16. Nd4 h6 17. Bxf6 Qxf6 18. Nxe6 1/2-1/2

[Event "78. Camp. Interprovinciale PD e Rov"]
[Site "Monselice ITA"]
[Date "2018.01.20"]
[Round "3.3"]
[White "Gregori, Giacomo"]
[Black "De Napoli, Giuseppe"]
[Result "0-1"]
[WhiteElo "2273"]
[BlackElo "1955"]
[Annotator "Ballarin,Gabriele"]
[PlyCount "98"]
[EventDate "2018.01.19"]
[EventType "swiss"]
[EventRounds "5"]
[EventCountry "ITA"]

1. c4 e6 2. Nf3 d5 3. g3 Nf6 4. Bg2 Be7 5. d4 O-O 6. O-O c6 7. Qc2 dxc4 8. Qxc4 b5 9. Qc2 Bb7 10. Rd1 Qb6 11. Bg5 Nbd7 12. Ne5 Nxe5 13. dxe5 Ng4 14. Be3 Nxe3 15. fxe3 Qxe3+ 16. Kh1 Rfd8 17. Nc3 Qxe5 18. Rac1 f5 19. Rf1 Rd7 20. Rcd1 Rad8 21. Rxd7 Rxd7 22. e4 b4 23. Ne2 c5 24. exf5 Bxg2+ 25. Kxg2 Qd5+ 26. Kh3 exf5 27. Nf4 Qe4 28. Qa4 Rd6 29. Qe8+ Bf8 30. Qxe4 fxe4 31. Rf2 e3 32. Re2 Rd2 33. Rxe3 Rxb2 34. Rf3 c4 35. Ne6 Be7 36. Nc7 c3 37. Nd5 Bd6 38. Nxc3 bxc3 39. Rxc3 Rxa2 40. Rc6 Be7 41. Kg4 a5 42. h4 a4 43. Ra6 a3 44. Kh3 h5 45. g4 hxg4+ 46. Kxg4 Rh2 47. h5 a2 48. Kg3 Rc2 49. Kg4 Bf6 0-1

[Event "78. Camp. Interprovinciale PD e Rov"]
[Site "Monselice ITA"]
[Date "2018.01.20"]
[Round "3.4"]
[White "Privitera, Franco"]
[Black "Belloni, Umberto"]
[Result "1-0"]
[WhiteElo "2006"]
[BlackElo "1715"]
[Annotator "Ballarin,Gabriele"]
[PlyCount "93"]
[EventDate "2018.01.19"]
[EventType "swiss"]
[EventRounds "5"]
[EventCountry "ITA"]

1. e4 e6 2. Qe2 d6 3. Nf3 c5 4. g3 e5 5. Bg2 Bg4 6. h3 Bd7 7. c3 a6 8. d3 Qc8 9. Nbd2 Nc6 10. Nc4 Qc7 11. a4 Na5 12. Nxa5 Qxa5 13. Bd2 Qc7 14. O-O b5 15. d4 bxa4 16. Rfe1 c4 17. Be3 Be7 18. Nd2 Rc8 19. f4 Bf6 20. g4 g6 21. Nf3 Ne7 22. dxe5 dxe5 23. fxe5 Bg7 24. Rad1 O-O 25. Bg5 Be6 26. Qf2 Nc6 27. Bf6 Bxf6 28. exf6 Qf4 29. e5 Rfd8 30. Qc5 Re8 31. Qb6 Qh6 32. Rd6 Nd8 33. Red1 Qf8 34. Qxa6 h5 35. gxh5 gxh5 36. Kh1 Kh8 37. Qxa4 Bf5 38. Ng5 Bg6 39. Qd7 Ne6 40. Nxe6 fxe6 41. Bc6 Qg8 42. Qg7+ Qxg7 43. fxg7+ Kxg7 44. Bxe8 Rxe8 45. Kh2 Bf5 46. Rd8 Re7 47. R1d4 1-0

[Event "78. Camp. Interprovinciale PD e Rov"]
[Site "Monselice ITA"]
[Date "2018.01.20"]
[Round "3.5"]
[White "Zanirato, Stefano"]
[Black "Sinato, Fabrizio"]
[Result "1-0"]
[WhiteElo "1884"]
[BlackElo "1856"]
[Annotator "Ballarin,Gabriele"]
[PlyCount "105"]
[EventDate "2018.01.19"]
[EventType "swiss"]
[EventRounds "5"]
[EventCountry "ITA"]

1. e4 c5 2. Nf3 d6 3. Bb5+ Bd7 4. Bxd7+ Qxd7 5. O-O e6 6. c4 Be7 7. Nc3 Nf6 8. d3 Nc6 9. h3 O-O 10. Bg5 a6 11. Qd2 Rab8 12. Rfe1 Rfd8 13. Bf4 b5 14. cxb5 axb5 15. a4 b4 16. Nb5 Rb7 17. b3 d5 18. e5 Ne8 19. Bg5 Na7 20. Bxe7 Qxe7 21. Nxa7 Rxa7 22. Qc2 Rc8 23. Rac1 g6 24. Qd2 Kg7 25. Nd4 c4 26. dxc4 dxc4 27. bxc4 Rxa4 28. Nb3 Rd8 29. Qc2 Nc7 30. Ra1 Ra3 31. Rxa3 bxa3 32. c5 Nd5 33. Qc4 Qg5 34. h4 Qe7 35. Qa4 a2 36. Qxa2 Qxh4 37. Qc2 Rc8 38. Re4 Qe7 39. Rc4 Qc7 40. Qe4 Rb8 41. Nd2 Rb2 42. Nf3 Qa5 43. c6 Qc7 44. Qd4 Rb1+ 45. Kh2 Rb6 46. Qc5 f6 47. Qd6 fxe5 48. Qxe6 e4+ 49. Ne5 Ne7 50. Qf7+ Kh8 51. Rxe4 Rxc6 52. g3 Rc2 53. Qf8+ 1-0

[Event "78. Camp. Interprovinciale PD e Rov"]
[Site "Monselice ITA"]
[Date "2018.01.20"]
[Round "3.6"]
[White "Pasin, Mattia"]
[Black "Renier, Renzo"]
[Result "1/2-1/2"]
[WhiteElo "1690"]
[BlackElo "1936"]
[Annotator "Gabriele Ballarin"]
[PlyCount "79"]
[EventDate "2018.01.19"]
[EventType "swiss"]
[EventRounds "5"]
[EventCountry "ITA"]

{[%evp 0,79,30,18,18,-14,35,37,53,51,50,51,51,51,51,51,51,45,40,45,44,27,23,33,90,79,69,67,56,46,47,57,54,59,58,53,97,76,71,87,107,60,64,-34,33,62,24,-279,0,0,21,34,24,28,32,18,32,29,34,38,44,34,25,25,97,23,21,27,12,27,1,1,11,1,2,2,1,1,3,1,1,1]} 1. d4 Nf6 2. c4 g6 3. Nc3 d5 4. cxd5 Nxd5 5. e4 Nxc3 6. bxc3 Bg7 7. Bc4 c5 8. Ne2 Nc6 9. Be3 O-O 10. O-O cxd4 11. cxd4 Bg4 12. f3 Na5 13. Bxf7+ Rxf7 14. fxg4 Rxf1+ 15. Kxf1 Nc4 (15... e5 16. d5 Nc4 17. Bf2 Qf6 18. Kg1 Rf8 19. Bxa7 b6 20. Kh1 Qf2) 16. Qb3 b5 17. Kg1 e5 18. Rd1 Qb6 19. Bf2 Rf8 20. a4 a6 21. Rc1 Kh8 22. axb5 axb5 23. Rb1 Qf6 24. Qf3 Qxf3 25. gxf3 Nd2 26. Rxb5 Nxf3+ 27. Kg2 exd4 28. Rd5 Nxh2 29. g5 Nf3 (29... Ng4 30. Bxd4 Bxd4 31. Rxd4 Ne3+ 32. Kg3 Nf1+ 33. Kh3 Ne3) 30. Nxd4 Nxd4 31. Bxd4 h6 32. gxh6 Bxd4 33. Rxd4 Kh7 34. Kg3 Kxh6 35. Kg4 Rf1 36. e5 Kg7 37. Rd7+ Kf8 38. Kg5 Ke8 39. Rg7 Rf5+ 40. Kxg6 {(=)} 1/2-1/2

[Event "78. Camp. Interprovinciale PD e Rov"]
[Site "Monselice ITA"]
[Date "2018.01.20"]
[Round "3.7"]
[White "Zangheratti, Daniele"]
[Black "Martinello, Edoardo"]
[Result "1-0"]
[WhiteElo "1874"]
[BlackElo "1610"]
[Annotator "Ballarin,Gabriele"]
[PlyCount "71"]
[EventDate "2018.01.19"]
[EventType "swiss"]
[EventRounds "5"]
[EventCountry "ITA"]

1. d4 d5 2. Nf3 Nf6 3. c4 e6 4. Nc3 c6 5. Bg5 Nbd7 6. e3 Be7 7. Bd3 O-O 8. O-O Re8 9. Rc1 c5 10. cxd5 exd5 11. Bb1 cxd4 12. Nxd4 a6 13. Qc2 g6 14. a3 Nb6 15. Ba2 Bd7 16. Bxf6 Bxf6 17. Nxd5 Bxd4 18. exd4 Nxd5 19. Bxd5 Bb5 20. Qb3 Qd7 21. Rfe1 Rxe1+ 22. Rxe1 Rd8 23. Bf3 Qxd4 24. h3 Qd7 25. Rd1 Qc7 26. Rxd8+ Qxd8 27. Bxb7 Qc7 28. Bd5 Qc1+ 29. Kh2 Qf4+ 30. Qg3 Qd4 31. Qf3 Qe5+ 32. g3 Qe7 33. b4 Qc7 34. h4 Bc4 35. Qc3 Qb6 36. Qxc4 1-0

[Event "78. Camp. Interprovinciale PD e Rov"]
[Site "Monselice ITA"]
[Date "2018.01.20"]
[Round "3.8"]
[White "Capitò, Mario"]
[Black "Pilotto, Alessandro"]
[Result "1-0"]
[WhiteElo "1817"]
[BlackElo "1583"]
[Annotator "Ballarin,Gabriele"]
[PlyCount "69"]
[EventDate "2018.01.19"]
[EventType "swiss"]
[EventRounds "5"]
[EventCountry "ITA"]

1. e4 d6 2. d4 Nf6 3. Bd3 g6 4. Ne2 Bg7 5. O-O O-O 6. Bg5 h6 7. Bh4 Nbd7 8. f4 c5 9. e5 dxe5 10. dxe5 Nd5 11. Qe1 Qb6 12. Nbc3 Ne3 13. Rf3 c4 14. Na4 Nxg2+ 15. Kxg2 Qc6 16. Nd4 Qxa4 17. Be4 Re8 18. Ra3 Qxa3 19. bxa3 Nc5 20. Rb1 Bf8 21. Bf3 Rd8 22. Qc3 Rb8 23. Nc6 Be6 24. Nxb8 Rxb8 25. Bf2 Na4 26. Qa5 Nb6 27. Qxa7 Nd7 28. Rxb7 Rd8 29. Qd4 Rc8 30. Rxd7 c3 31. Rd8 Rc4 32. Qa7 Rc8 33. Qxe7 Rxd8 34. Qxd8 Kg7 35. Bh4 1-0

[Event "78. Camp. Interprovinciale PD e Rov"]
[Site "Monselice ITA"]
[Date "2018.01.20"]
[Round "3.9"]
[White "De Marzi, Davide"]
[Black "Rosina, Graziano"]
[Result "1/2-1/2"]
[WhiteElo "1521"]
[BlackElo "1789"]
[Annotator "Ballarin,Gabriele"]
[PlyCount "71"]
[EventDate "2018.01.19"]
[EventType "swiss"]
[EventRounds "5"]
[EventCountry "ITA"]

1. d4 d6 2. Bf4 Nf6 3. Nf3 Bg4 4. Nbd2 e6 5. e3 Be7 6. Bd3 Nc6 7. c3 Nh5 8. Bg3 Nxg3 9. hxg3 h6 10. Qc2 Bf6 11. Nh2 Bf5 12. Bxf5 exf5 13. Qxf5 Qd7 14. Qxd7+ Kxd7 15. O-O-O Rae8 16. Ng4 Bd8 17. e4 Kc8 18. Ne3 g6 19. f4 h5 20. Rh3 f5 21. e5 dxe5 22. dxe5 Rh7 23. Rhh1 Rd7 24. Nf3 Rxd1+ 25. Rxd1 Be7 26. Nd5 Bc5 27. Nh4 Re6 28. Nf6 Be7 29. Nd5 Bc5 30. Nf3 Re8 31. Nd4 Bxd4 32. cxd4 Rd8 33. Ne3 Nxd4 34. Rd2 Ne6 35. Nd5 Rd7 36. Nf6 1/2-1/2

[Event "78. Camp. Interprovinciale PD e Rov"]
[Site "Monselice ITA"]
[Date "2018.01.20"]
[Round "3.10"]
[White "Balestra, Stefano"]
[Black "Cervatti, Michele"]
[Result "1-0"]
[WhiteElo "1734"]
[BlackElo "1504"]
[Annotator "Ballarin,Gabriele"]
[PlyCount "79"]
[EventDate "2018.01.19"]
[EventType "swiss"]
[EventRounds "5"]
[EventCountry "ITA"]

1. Nf3 d5 2. d3 Nf6 3. c3 c5 4. Nbd2 Nc6 5. e4 dxe4 6. dxe4 e5 7. Qc2 Be6 8. Be2 Be7 9. O-O O-O 10. Re1 Qb6 11. Nc4 Bxc4 12. Bxc4 Rad8 13. h3 Rd7 14. Be3 Qc7 15. Bb5 Bd6 16. Nh4 a6 17. Bf1 Ne7 18. b3 b5 19. Bg5 Ne8 20. a4 f6 21. Be3 Qb7 22. axb5 axb5 23. Ra5 Nc7 24. Rea1 Ra8 25. Qd3 Rxa5 26. Rxa5 Qb6 27. b4 Qc6 28. c4 bxc4 29. Qxc4+ Kh8 30. bxc5 Bxc5 31. Rxc5 Qd6 32. Ra5 Qd1 33. Ra7 Qd6 34. Bc5 Qc6 35. Bxe7 Qxc4 36. Bxc4 Rxe7 37. Nf5 Rd7 38. Ne3 Re7 39. Nd5 Nxd5 40. Ra8+ 1-0

[Event "78. Camp. Interprovinciale PD e Rov"]
[Site "Monselice ITA"]
[Date "2018.01.20"]
[Round "3.11"]
[White "Pomaro, Stefano"]
[Black "Alessi, Giovanni"]
[Result "1-0"]
[WhiteElo "1713"]
[BlackElo "1482"]
[Annotator "Ballarin,Gabriele"]
[PlyCount "99"]
[EventDate "2018.01.19"]
[EventType "swiss"]
[EventRounds "5"]
[EventCountry "ITA"]

1. Nf3 g6 2. g3 Bg7 3. Bg2 d5 4. d3 c6 5. O-O Nf6 6. Nbd2 Nbd7 7. e4 e5 8. exd5 cxd5 9. Re1 Qc7 10. c4 O-O 11. Rb1 Re8 12. b4 d4 13. Ng5 a6 14. Qb3 Nf8 15. Nde4 h6 16. Nxf6+ Bxf6 17. Ne4 Bg7 18. Bxh6 f5 19. Bxg7 Kxg7 20. Ng5 Kh6 21. h4 Ne6 22. Rxe5 Bd7 23. Rbe1 Nxg5 24. hxg5+ Kxg5 25. f4+ Kf6 26. Qb2 Rxe5 27. fxe5+ Kf7 28. Qxd4 Be6 29. Qh4 Kg8 30. Qf6 Qf7 31. Bxb7 Ra7 32. Qxe6 Rxb7 33. Qxf7+ Kxf7 34. a3 Ke6 35. d4 g5 36. d5+ Ke7 37. c5 Rb5 38. Rd1 a5 39. Rd4 axb4 40. axb4 Rb8 41. c6 Ra8 42. d6+ Ke6 43. d7 Ra1+ 44. Kg2 Ra2+ 45. Kh3 Ra1 46. d8=Q g4+ 47. Kg2 Ra2+ 48. Rd2 Rxd2+ 49. Qxd2 Kxe5 50. Kf2 1-0